Extracorporalis keringés tesztkérdések /

Elmentve itt :
Bibliográfiai részletek
Szerző: Bari Gábor
Dokumentumtípus: Könyv
Kulcsszavak:szívsebészet
Tárgyszavak:
Online Access:http://eta.bibl.u-szeged.hu/921
LEADER 00766nnm a2200217 i 4500
001 eta921
005 20190416083131.0
008 181128suuuu hu o 0|| hun d
040 |a SZTE Elektronikus Tananyag Archívum  |b hun 
041 |a hun 
100 1 |a Bari Gábor 
245 1 0 |a Extracorporalis keringés   |h [elektronikus dokumentum] :  |b tesztkérdések /  |c  Bari Gábor 
300 |a 5 
516 |a Book 
650 4 |a Orvos- és egészségtudomány 
650 4 |a Klinikai orvostan 
650 4 |a Sebészet 
650 4 |a Szív és keringési rendszer 
695 |a szívsebészet 
856 4 0 |u https://eta.bibl.u-szeged.hu/921/1/tamop_tesztkerdesek_magyar.pdf  |z Dokumentum-elérés  
856 4 0 |u https://eta.bibl.u-szeged.hu/921/2/megoldokulcs_tamop_bari.pdf  |z Dokumentum-elérés